Alfred Hitchcock : (Registro nro. 10595)
| 000 -CABECERA | |
|---|---|
| campo de control de longitud fija | 00603cam a2200193 4500 |
| 001 - NÚMERO DE CONTROL | |
| campo de control | 0000009339 |
| 005 - FECHA Y HORA DE LA ÚLTIMA TRANSACCIÓN | |
| campo de control | 20220502110528.0 |
| 020 ## - NÚMERO INTERNACIONAL ESTÁNDAR DEL LIBRO | |
| Número Internacional Estándar del Libro | 3822822450 |
| 040 ## - FUENTE DE LA CATALOGACIÓN | |
| Centro catalogador/agencia de origen | taller5 |
| 041 1# - CÓDIGO DE LENGUA | |
| Código de lengua del texto/banda sonora o título independiente | spa |
| 100 1# - ENTRADA PRINCIPAL--NOMBRE DE PERSONA | |
| Nombre de persona | Duncan, Paul. |
| 9 (RLIN) | 97355 |
| 245 10 - MENCIÓN DE TÍTULO | |
| Título | Alfred Hitchcock : |
| Resto del título | el arquitecto de la angustia / |
| Mención de responsabilidad, etc. | Paul Duncan. |
| 260 ## - PUBLICACIÓN, DISTRIBUCIÓN, ETC. | |
| Lugar de publicación, distribución, etc. | Barcelona : |
| Nombre del editor, distribuidor, etc. | Taschen, |
| Fecha de publicación, distribución, etc. | 2003. |
| 590 ## - NOTA LOCAL (RLIN) | |
| Nota local | TECNICA PROFESIONAL EN DISEÑO Y PRODUCCION DE TELEVISION |
| 650 #0 - PUNTO DE ACCESO ADICIONAL DE MATERIA--TÉRMINO DE MATERIA | |
| Término de materia o nombre geográfico como elemento de entrada | HITCHCOCK, ALFRED, 1899-1980. |
| 9 (RLIN) | 97356 |
| 650 #0 - PUNTO DE ACCESO ADICIONAL DE MATERIA--TÉRMINO DE MATERIA | |
| Término de materia o nombre geográfico como elemento de entrada | PELICULAS CINEMATOGRAFICAS. |
| 9 (RLIN) | 84182 |
| 908 ## - COLOCAR PARÁMETRO DE COMANDO (RLIN) | |
| Colocar parámetro de comando | 050926 |
| Estado de retiro | Estado de pérdida | Estado dañado | No para préstamo | Código de colección | Localización permanente | Ubicación/localización actual | Fecha de adquisición | Total de préstamos | Signatura topográfica completa | Código de barras | Fecha visto por última vez | Número de copia | Precio válido a partir de | Tipo de ítem Koha |
|---|---|---|---|---|---|---|---|---|---|---|---|---|---|---|
| Colección General | Taller 5 | Taller 5 | 29/04/2022 | 791.43 H472h | T50003742 | 29/04/2022 | Ej.1 | 29/04/2022 | Libro-General |





